00590nam a2200121 u 450000100100000000500170001000800410002704000250006811101380009324501800023126000370041130000200044800003767320201002031112.0121102s2011 dr r 000 0 spa d aDO-SdBNPbspacBNPHU1 aEncuentro Nacional de Dirigentes de la Junta Agroempresarial Dominicanan(12 :cLa Altagracia, República Dominicanad2011, sept. 8)10aProceducimos o perecemos, exportamos o sucumbimos :bLas políticas públicas para el desarrollo de la agropecuaria, de la agroindustria y convertirnos en un agroexportador. aSanto Domingo :bAlianza País. a18 p. ;c22 cm.